Todos os Times que já Jogaram o Brasileirão / Campeonato Brasileiro - Statistics

Estatísticas Gerais
  • Esse quiz foi jogado 38 vezes
  • A pontuação média é 83 de 183
Estatísticas das Respostas
Federação Clube Última Part. % Correto
BA Bahia 2025
94%
RJ Flamengo 2025
94%
PI Flamengo (PI) 2000
94%
RJ América 2000
90%
RN América de Natal 2007
90%
SE América de Própria 1967
90%
MG América Mineiro 2023
90%
RJ Fluminense 2025
90%
BA Fluminense de Feira 1979
90%
SP São Paulo 2025
90%
MG Atlético Mineiro 2025
87%
RJ Botafogo 2025
87%
PB Botafogo (PB) 2000
87%
SP Botafogo (SP) 2001
87%
SP Corinthians 2025
87%
AL Corinthians (AL) 2000
87%
RS Grêmio 2025
87%
SP Santos 2025
87%
BA Vitória 2025
87%
SC Chapecoense 2021
84%
SC Criciúma 2024
84%
AL CSA 2019
84%
SP Internacional de Limeira 2000
84%
SP Bragantino 2025
81%
CE Ceará 2025
81%
PR Coritiba 2023
81%
DF Cruzeiro do Sul 1964
81%
CE Fortaleza 2025
81%
RS Juventude 2025
81%
SP Palmeiras 2025
81%
PA Remo 2000
81%
PE Santa Cruz 2016
81%
SE Santa Cruz (SE) 1961
81%
RS São Paulo (RS) 1980
81%
PE Sport 2025
81%
PR Atlético Paranaense 2024
77%
RJ Bangu 2000
77%
DF Brasiliense 2005
77%
AL CRB 2000
77%
GO Goiás 2022
77%
DF Guará 1979
77%
GO Atlético Goianiense 2024
74%
SP Mirassol 2025
74%
PE Náutico 2013
74%
PA Paysandu 2005
74%
AC Rio Branco 2000
74%
ES Rio Branco (ES) 1987
74%
PR Rio Branco (PR) 2000
74%
RJ Rio Branco (RJ) 1962
74%
SP Rio Branco (SP) 2000
74%
SP São Caetano 2003
74%
GO Vila Nova 2000
74%
MG Vila Nova (MG) 2000
74%
MT Cuiabá 2024
71%
DF Gama 2002
71%
SP Ponte Preta 2017
71%
SP Portuguesa 2013
71%
RJ Vasco da Gama 2025
71%
AL Asa 2000
68%
SC Avaí 2022
68%
SC Figueirense 2016
68%
SP Guarani 2010
68%
SC Joinville 2015
68%
PR Paraná 2018
68%
MA Sampaio Corrêa 2000
68%
RN ABC 2000
65%
SP Nacional (SP) 2000
65%
MS Operário (MS) 2000
65%
MT Operário (MT) 1986
65%
PR Operário (PR) 1979
65%
RS Caxias 2000
61%
ES Desportiva Ferroviária 2000
61%
CE Ferroviário 1984
61%
SP Santo André 2009
61%
PR Londrina 2000
58%
SE Sergipe 2000
58%
SP Ferroviária 1983
55%
SP Grêmio Barueri 2010
55%
PB Campinense 2000
52%
PI River 2000
52%
RJ Volta Redonda 2000
52%
RS Brasil de Pelotas 2000
48%
MG Ipatinga 2008
48%
PB Treze 2000
48%
SE Confiança 2000
45%
MA Maranhão 1980
45%
AM Nacional 2000
45%
DF Brasília 2000
42%
RS Internacional 2025
42%
RS Internacional de Sta. Maria 2000
42%
MT Mixto 1985
42%
MA Moto Clube 2000
42%
SP Paulista 2000
42%
SP São José 2000
42%
PA Tuna Luso 2000
42%
PR União Bandeirante 2000
39%
SP União Barbarense 2000
39%
MT União Rondonópolis 2000
39%
SP União São João 2000
39%
SP Ituano 2000
35%
SP Juventus 2000
35%
RJ Madureira 2000
35%
RJ Olaria 2000
35%
AP Ypiranga (AP) 2000
35%
PE Central 2000
32%
AM São Raimundo 2000
32%
SP Comercial 2000
29%
MS Comercial (MS) 2000
29%
PR Comercial (PR) 1962
29%
SE Itabaiana 1982
29%
PE Porto 2000
29%
RN Potiguar 2000
29%
AM Rio Negro 2000
29%
MG Uberlândia 2000
29%
SP XV de Jaú 1982
29%
SP XV de Piracicaba 2000
29%
RN Alecrim 1986
26%
RJ Americano 2000
26%
GO Anapolina 2000
26%
BA Galícia 1983
26%
GO Goiânia 2000
26%
PR Grêmio Maringá 1982
26%
PI Piauí 1986
26%
ES Serra 2000
26%
AM Fast Club 1979
23%
BA Juazeiro 2000
23%
SC Marcílio Dias 2000
23%
MG Caldense 1979
19%
BA Catuense 1984
19%
PR Colorado 1983
19%
RJ Goytacaz 1979
19%
DF Sobradinho 1986
19%
DF Taguatinga 1982
19%
MG Uberaba 1983
19%
RJ Friburguense 2000
16%
SP Mogi Mirim 2000
16%
SP Noroeste 1978
16%
RS Novo Hamburgo 1979
16%
RJ São Cristóvão 2000
16%
PI Tiradentes 1983
16%
TO Tocantinópolis 2000
16%
RJ Aliança 1937
13%
PI Auto Esporte 1984
13%
SC Perdigão 1967
13%
DF Universitário 1975
13%
RR Baré 2000
10%
ES Colatina 1979
10%
DF Defelê 1963
10%
RJ Eletrovapo 1965
10%
PB Estrela do Mar 1960
10%
RJ Fonseca 1963
10%
DF Guanabara 1965
10%
BA Itabuna 1979
10%
GO Itumbiara 1979
10%
BA Leônico 1985
10%
RJ Liga da Marinha 1937
10%
PR Malutrom 2000
10%
SC Metropol 1968
10%
SC Paula Ramos 1960
10%
SP Paulistano 1928
10%
PR Pinheiros (PR) 1985
10%
SP São Bento 1979
10%
MG Siderúrgica 1965
10%
PR Água Verde 1968
6%
MS Corumbaense 1985
6%
MT Dom Bosco 1979
6%
DF Dom Pedro II 2000
6%
SP Francana 1979
6%
RJ Manufatora 1959
6%
SP Matonense 2000
6%
SE Aracaju 1962
3%
BA Camaçari 2000
3%
PR Ferroviário (PR) 1967
3%
RO Genus 2000
3%
SP Portuguesa Santista 2000
3%
DF Rabello 1968
3%
ES Santo Antônio 1962
3%
DF Atlético Bandeirante 2000
0%
AL Capelense 1963
0%
MG Cruzerio 2025
0%
SP Olímpia 2000
0%
SC Olímpico 1965
0%
AM Olímpico Clube 1968
0%
Nenhum quiz correspondente encontrado
Distribuição das Pontuações
Porcentagem de Pessoas com Cada Pontuação
Percentil de Números Respondidos
Sua Pontuação Histórica
Você não jogou esse quiz